000 01748cgm a2200445 a 4500
001 43167367
003 OCoLC
005 20241220114246.0
007 vd cgaizq
008 000105t19991996xxu088 vleng d
020 _a0780626907 :
_c$24.98
028 4 0 _aN4784
_bNew Line Home Video
035 _a(Sirsi) i9780780626904
040 _aUAP
_cUAP
_dGZD
_erda
049 _aGZDA
_lnw
092 _aDVD Bed or Roses
092 _aDVD Bed or Roses
245 0 0 _aBed of roses
_h[DVD] /
_cNew Line Cinema presents a Mindel/Shaw production.
250 _aWidescreen.
260 _a[s.l.] :
_bNew Line Home Video,
_c1999, c1996.
264 _aS.L. :
_bNew Line Home Video,
_c1996
300 _a1 videodisc (88 min.) :
_bsd., col. ;
_c4 3/4 in.
500 _aRated PG.
500 _aClosed-captioned for the hearing impaired.
500 _aFor specific features see interactive menu.
508 _aProduced by Alan Mindel and Denise Shaw ; Written and directed by Michael Goldenberg.
511 0 _aChristian Slater, Mary Stuart Masterson, Pamela Segall, Josh Brolin.
520 _aLisa (Masterson), a high-powered investment banker, receives flowers from a secret admirer (Slater). When his fairytale fantasies clash with her workaholic ways, they find out that sometimes love conquers all.
538 _aDVD.
650 0 _aDVDs for the hearing impaired.
_95714822
655 0 _aComedy films.
_96153257
655 0 _aFeature films.
_96153258
700 1 _aMasterson, Mary Stuart,
_d1966-
_938110
700 1 _aSlater, Christian.
_917964
700 1 _aAdlon, Pamela,
_d1968-
_974308
700 1 _aBrolin, Josh.
_923915
700 1 _aGoldenberg, Michael.
_976498
710 2 _aNew Line Home Video (Firm)
_961259
942 _cDVD
_2ddc
999 _c33593
_d33593